000 01963ngm a22004578i 4500
005 20200320211407.0
007 vd cvaizk
008 180110s2018 098 g ## vleng d
024 1 _a031398278429 (videorecording)
040 _aCTMM
_beng
_erda
_cCTMM
082 0 4 _a[Fic]
_223
245 0 0 _aHangman /
_cdirector Johnny Martin.
264 2 _aOld Saybrook, Connecticut :
_bwww.micromarketing.org
264 1 _a[Santa Monica, California?] :
_b[Lionsgate],
_c[2018].
300 _a[1 videodisc (approximately 98 minutes)?] :
_bsound, color;
_c4 3/4 in.
336 _atwo-dimensional moving image
337 _avideo
338 _avideodisc
344 _adigital
_boptical
_gstereo
_2rda
346 _aNTSC
_2rda
347 _avideo file
_bDVD video
_eregion 1
_2rda
500 _a[Widescreen edition?].
500 _a[Typographic symbols and accents removed for systems compatibility.]
508 _aDirector Johnny Martin.
511 0 _aAl Pacino, Karl Urban, Brittany Snow.
520 _a"Decorated homicide detective Ray Archer (Al Pacino) partners with criminal profiler Will Ruiney (Karl Urban) to catch one of the city's notoriously vicious serial killers."--
_cProvided by publisher.
521 8 _aRating: R.
538 _aDVD, color, [widescreen?], NTSC.
546 _aEnglish audio.
588 _aTitle and description based on researched data; resource not viewed.
650 0 _aSerial murderers
_vDrama.
_95692849
650 0 _aMurder
_xInvestigation
_vDrama.
_95675811
655 7 _aFeature films.
_2lcgft
_95968197
700 1 _aPacino, Al,
_eperformer.
_95968198
700 1 _aKarl Urban, ,
_eperformer.
_95968199
700 1 _aSnow, Brittany,
_eperformer.
_95742376
942 _cDVD
_09
948 _a04/14/2018
_zSirsi
949 _nwww.MicroMarketing.org 800-229-9887
996 _a149014
_b34301001547928
_cDVD
_dDVD
_ewcl
_fi
_g9
_h19.98
_lmicro
_mHan
_p04/14/2018
_q02/05/2020
_r01/24/2020
999 _c308294
_d308293